Science et technique en droit privé positif

-д хадгалсан:
Номзүйн дэлгэрэнгүй
Үндсэн зохиолч: Gény, François (Зохиогч)
Формат: Ном
Хэл сонгох:франц
Хэвлэсэн: París Sirey 1927
Нөхцлүүд:
Шошгууд: Шошго нэмэх
Шошго байхгүй, Энэхүү баримтыг шошголох эхний хүн болох!

MARC

LEADER 00000nam a2200000 a 4500
001 UCR3621
003 CL-VaPUC
008 980128e19270000FR |||||||||||||||||fre|d
082 0 4 |a 346.006  |b GEN  |2 21 
100 |a Gény, François  |e author  |9 402642 
245 1 0 |a Science et technique en droit privé positif 
300 |a 4 v 
942 |c BK 
945 |d 19980128 00:00:00  |a crobeson 
260 |a París  |b Sirey  |c 1927 
650 7 |a DERECHO  |2 CL-VaPUC  |9 402643 
650 0 |a Derecho privado  |9 258243 
650 0 |a Derecho positivo  |9 255911 
650 0 |a Derecho civil  |9 255013 
650 0 |a Ciencia y tecnología  |9 260585 
650 0 |a Metodología jurídica  |9 394955 
650 0 |a Dogmática jurídica  |9 337910 
583 |a last modification  |c 19980128 00:00:00  |k Rodrigo Vera 
999 |c 266674  |d 266672 
952 |0 0  |1 0  |4 0  |6 346_006000000000000_GEN_1927  |7 0  |8 DER_TF  |9 298466  |a BIBDER  |b BIBDER  |d 2019-11-20  |h v.1  |i 1947664  |l 3  |o 346.006 GEN 1927  |p 1947664  |r 2023-01-25  |s 2021-10-16  |w 2019-11-20  |x Ubicación 4to Piso  |y BK  |z Estos recursos deben solicitarse con anticipación  |k DER 
952 |0 0  |1 0  |4 0  |6 346_006000000000000_GEN_1927  |7 0  |8 DER_TF  |9 298467  |a BIBDER  |b BIBDER  |d 2019-11-20  |h v.2  |i 1947680  |o 346.006 GEN 1927  |p 1947680  |r 2023-01-25  |w 2019-11-20  |x Ubicación 4to Piso  |y BK  |z Estos recursos deben solicitarse con anticipación  |k DER 
952 |0 0  |1 0  |4 0  |6 346_006000000000000_GEN_1927  |7 0  |8 DER_TF  |9 298468  |a BIBDER  |b BIBDER  |d 2019-11-20  |h v.3  |i 1947699  |l 3  |o 346.006 GEN 1927  |p 1947699  |r 2023-01-25  |s 2021-10-16  |w 2019-11-20  |x Ubicación 4to Piso  |y BK  |z Estos recursos deben solicitarse con anticipación  |k DER 
952 |0 0  |1 0  |4 0  |6 346_006000000000000_GEN_1927  |7 0  |8 DER_TF  |9 298469  |a BIBDER  |b BIBDER  |d 2019-11-20  |h v.4  |i 1947702  |o 346.006 GEN 1927  |p 1947702  |r 2023-01-25  |w 2019-11-20  |x Ubicación 4to Piso  |y BK  |z Estos recursos deben solicitarse con anticipación  |k DER